| 000 | 01110nam a2200277Ia 4500 | ||
|---|---|---|---|
| 003 | OSt | ||
| 005 | 20220923211247.0 | ||
| 006 | a|||||r|||| 00| 0 | ||
| 007 | ta | ||
| 008 | 220922b |||||||| |||| 00| 0 hin d | ||
| 020 |
_a9788178543567 (hbk) _c400 |
||
| 024 | _a348,329 | ||
| 037 |
_b241, 16/01/2019, Eastern Book Linkers _cTextual |
||
| 040 |
_aARTS _cARTS _bhin |
||
| 041 |
_2hin _ahin |
||
| 082 | _aV2p1G, 152Q8 | ||
| 100 | _aमिश्र, शिवशंकर, ले. | ||
| 245 | 0 | _aभारतीय चिन्तन परम्परा में गंगा | |
| 246 | _aBhāratīya chintan paramparā mean gangā | ||
| 260 |
_aदिल्ली _b ईस्टर्न बुक लिंकर्स _c2018 |
||
| 300 |
_a127पृ. _ccm. |
||
| 490 | _aश्रीजय राम आश्रम ग्रन्थमाला; प्रथम पुष्प | ||
| 650 |
_aइतिहास _9156320 |
||
| 942 |
_hV2p1G, 152Q8 _cTEXL _2CC |
||
| 999 |
_c297833 _d297833 |
||